000 01248cam a2200325 a 4500
999 _c58185
_d58185
001 3367011
005 20210812164518.0
008 870403s1987 ne b 001 0 eng
010 _a 87009666
020 _a9027725136
040 _aDLC
_cDLC
_dDLC
050 0 0 _aQA402.5
_b.L3 1987
082 0 0 _a511
_219
100 1 _aLaarhoven, P. J. M. van
_q(Peter J. M.)
_912386
245 1 0 _aSimulated annealing :
_btheory and applications /
_cP.J.M. van Laarhoven and E.H.L. Aarts.
260 _aDordrecht ;
_aBoston :
_bD. Reidel ;
_aNorwell, MA, U.S.A. :
_bSold and distributed in the U.S.A. and Canada by Kluwer Academic Publishers,
_cc1988.
300 _axi, 186 p. ;
_c25 cm.
490 1 _aMathematics and its applications
500 _aIncludes index.
504 _aBibliography: p. 157-175.
650 0 _aSimulated annealing (Mathematics)
_912387
653 _aSimulated Annealing
653 _aრიცხვთა თეორია
653 _aТеория чисел
700 1 _aAarts, E. H. L.
_q(Emile H. L.)
_912388
700 1 _aHazewinkel, M.
_qEditor
_912389
830 0 _aMathematics and its applications (D. Reidel Publishing Company)
_912390
906 _a7
_bcbc
_corignew
_d1
_eocip
_f19
_gy-gencatlg
942 _2udc
_cBK